Southville International School and Colleges
Your cart is empty.
  • Cart
  • Lists
    Public lists Eva Luna New books Lux_list list_1
    Your lists Log in to create your own lists
  • Log in to your account
  • Your cookies
  • Search history
Southville International School and Colleges
  • Advanced search
  • Recent comments
  • Most popular
  • Libraries

Log in to your account

Log in with GOOGLE


If you do not have an external account, but do have a local account, you can still log in:

  1. Home
  2. MARC view: Voice of the eagle /
Normal view MARC view ISBD view

Voice of the eagle / (Record no. 8417)

[ view plain ]
MARC details
000 -LEADER
fixed length control field 00557nam a22002057a 4500
003 - CONTROL NUMBER IDENTIFIER
control field SISC
005 - DATE AND TIME OF LATEST TRANSACTION
control field 20160316101423.0
008 - FIXED-LENGTH DATA ELEMENTS--GENERAL INFORMATION
fixed length control field 130801t xxu||||| |||| 00| 0 eng d
020 ## - INTERNATIONAL STANDARD BOOK NUMBER
International Standard Book Number 0451176812
050 ## - LIBRARY OF CONGRESS CALL NUMBER
Classification number PS 3569
Item number .Sh562 1992
082 ## - DEWEY DECIMAL CLASSIFICATION NUMBER
Classification number CLA
Item number SH9 1992
100 ## - MAIN ENTRY--PERSONAL NAME
Personal name Shuler, Linda Lay
9 (RLIN) 7237
245 ## - TITLE STATEMENT
Title Voice of the eagle /
Statement of responsibility, etc Linda Lay Shuler.
260 ## - PUBLICATION, DISTRIBUTION, ETC. (IMPRINT)
Place of publication, distribution, etc New York :
Name of publisher, distributor, etc Signet Book,
Date of publication, distribution, etc c1992.
300 ## - PHYSICAL DESCRIPTION
Extent 620 p. :
Dimensions 18 cm.
650 ## - SUBJECT ADDED ENTRY--TOPICAL TERM
Topical term or geographic name as entry element Fiction.
9 (RLIN) 746
650 ## - SUBJECT ADDED ENTRY--TOPICAL TERM
Topical term or geographic name as entry element Zuni Indians
General subdivision Fiction.
9 (RLIN) 7238
942 ## - ADDED ENTRY ELEMENTS (KOHA)
Source of classification or shelving scheme Library of Congress Classification
Koha item type Books
Holdings
Withdrawn status Lost status Source of classification or shelving scheme Damaged status Home library Current library Shelving location Date acquired Total Checkouts Full call number Barcode Date last seen Copy number Price effective from Koha item type
    Library of Congress Classification   Luxembourg Library Luxembourg Library Classic Section 08/01/2013   PS 3569 .Sh562 1992 18244 03/16/2016 1 08/01/2013 Books

Voice of the eagle /

APA

Shuler L. L., . (1992). Voice of the eagle. New York: Signet Book.

Chicago

Shuler Linda Lay, . 1992. Voice of the eagle. New York: Signet Book.

Harvard

Shuler L. L., . (1992). Voice of the eagle. New York: Signet Book.

MLA

Shuler Linda Lay, . Voice of the eagle. New York: Signet Book. 1992.

  • Place hold
  • Print
  • Cite
  • Add to your cart (remove)
  • Save record
    BIBTEX Dublin Core MARCXML MARC (non-Unicode/MARC-8) MARC (Unicode/UTF-8) MARC (Unicode/UTF-8, Standard) MODS (XML) RIS
  • More searches
    Search for this title in:
    Other Libraries (WorldCat) Other Databases (Google Scholar) Online Stores (Bookfinder.com) Open Library (openlibrary.org)

Exporting to Dublin Core...

SOUTHVILLE LIBRARY

Southville International School and Colleges Library

1281 Tropical Ave. Cor. Luxembourg St., BF Homes International, Las Pinas City

Tel. No. 8256374 / 252358 Loc. 117/146

Powered by Koha